000 00376nam a2200145Ia 4500
008 230917s9999||||xx |||||||||||||| ||und||
040 _e42795
_aMAIN
041 _aEnglish
082 _a810.9 T971H
100 _aTyler, Moses Coit
245 0 _aHistory of American literature 1607-1783
260 _aChicago
_bChicago University
_c1897
300 _axix, 357 p.
942 _cBK
999 _c78511
_d78511